000 01248cam a22003497a 4500
003 CHAP
005 20220329142606.0
008 020227d2002 mx r 00110 spa d
010 _a85404
011 _a86376
035 _a96914
040 _cCHAP
090 _aTesis
100 0 0 _aGallardo Delgado, Simon.
_944341
245 1 0 _aCaracterización de las actividades de traspatio en Santa Anita, Fresnillo, Zacatecas
_c/por Simon Gallardo Delgado
260 _aZacatecas, Zac. :
_bEl autor,
_c2002
300 _a190 h. :
502 _aTesis (M.C. en Desarrollo Rural Regional) -- UACH. Dirección de Centros Regionales
590 _aALEPH
_b10
_c20130110
_lUCH01
_h1446
590 _aBATCH-UPD
_b10
_c20130110
_lUCH01
_h0808
590 _aBATCH-UPD
_b10
_c20130410
_lUCH01
_h0446
590 _aBATCH-UPD
_b10
_c20130914
_lUCH01
_h0034
590 _aCONVERSION
_b10
_c20130109
_lUCH01
_h1347
650 1 4 _aAgricultura doméstica.
_92000
650 1 4 _aDesarrollo de la comunidad rural
_xZacatecas.
_932033
650 1 4 _aHuertos familiares.
_956726
901 _aBK
905 _aMayto Villalobos S.
942 _cFOLL
949 _aTesis
_bBC
_cTES
_d33724000861852
_eTS2
_fc.2
_h39240
_i96914
_si
949 _aTesis
_bBC
_cTES
_d969141
_eTS1
_h39239
_i96914
_sb
999 _c85404
_d85404